| 000 | 00500cam a2200193ua 4500 | ||
|---|---|---|---|
| 001 | 497 | ||
| 008 | 110407n ii |||gr||||Z||||||eng | ||
| 020 | _a81-212-0102-0 | ||
| 040 | _cMAIN | ||
| 082 | _a327.116 | ||
| 245 | 1 |
_aNational security in perspective _cby S.T. Das |
|
| 250 | _a1st. | ||
| 260 |
_aDelhi: _bGian publishing house,987. |
||
| 300 |
_aviii, 173p: _c20cm. |
||
| 653 | _aPolitical science | ||
| 653 | _aNational security in perspective | ||
| 700 |
_aDas, S.T., _eAuthor. |
||
| 942 | _cBK | ||
| 999 |
_c437 _d437 |
||